000 00500nam a2200193Ia 4500
005 20240827093022.0
008 131103s9999 xx 000 0 und d
040 _aLoreto College
041 _aEnglish
082 _a822.33
_bSHA-LAN
100 _aLang, Jeanie
245 _aStories from Shakespeare
_cJeanie Lang
260 _aLondon
_bThomas Nelson
_c[19?]
300 _avii,119p.
_b ill.
440 _aTold to the children series
650 _aEnglish drama
850 _aLCBED
942 _cBK
999 _c29785
_d80264